000
00334 a2200109 4500
001
ART_38377
005
20260410161942.0
008
260409a
245
1
0
_a
El principio protectorio en el empleo público
100
1
_a
Terragno, María Martha
773
0
_t
Temas de derecho laboral
_g
- Nº 5 (mayo 2016)
_w
REV27619
999
_c
29580
_d
29580